Působnost personálněpsychologických agentur v oblasti řízení lidských

Čo sú ľudské zdroje. Vývoj vzniku personálnych agentúr na území ČR. Pôsobenie zahraničných a českých personálnych agentúr. Kontakt uchádzača o zamestnanie s agentúrou. Metódy výberu uchádzačov. Využitie psychológie pri výbere. Psychodiagnostika vo výberovom riadení.

Enregistré dans:
Détails bibliographiques
Auteur principal: Podlesná, Lenka
Format: Chapitre de livre
Langue:tchèque
Sujets:
Tags: Ajouter un tag
Pas de tags, Soyez le premier à ajouter un tag!

MARC

LEADER 00000naa a2200000 4500
001 r041539
005 20230426095604.2
041 0 |a cze 
044 |a CZ 
245 1 0 |a Působnost personálněpsychologických agentur v oblasti řízení lidských  |c Lenka Podlesná 
520 |a Čo sú ľudské zdroje. Vývoj vzniku personálnych agentúr na území ČR. Pôsobenie zahraničných a českých personálnych agentúr. Kontakt uchádzača o zamestnanie s agentúrou. Metódy výberu uchádzačov. Využitie psychológie pri výbere. Psychodiagnostika vo výberovom riadení. 
610 2 0 |a personalistika 
610 2 0 |a psychológia sociálna 
610 2 0 |a psychológia práce 
610 2 0 |a zdroje ľudské 
610 2 0 |a zdroje síl pracovných 
610 2 0 |a agentúry 
610 2 0 |a Česko 
100 1 |a Podlesná, Lenka